<?xml version="1.0" encoding="UTF-8"?>
<record
    xmlns:xsi="http://www.w3.org/2001/XMLSchema-instance"
    xsi:schemaLocation="http://www.loc.gov/MARC21/slim http://www.loc.gov/standards/marcxml/schema/MARC21slim.xsd"
    xmlns="http://www.loc.gov/MARC21/slim">

  <leader>03453nam a2200313 a 4500</leader>
  <controlfield tag="003">OSt</controlfield>
  <controlfield tag="005">20251111103520.0</controlfield>
  <controlfield tag="007">cr ||||||a|c|a</controlfield>
  <controlfield tag="008">230517s2019    mx a|||fom||| 001 0 spa d</controlfield>
  <datafield tag="040" ind1=" " ind2=" ">
    <subfield code="e">rda</subfield>
  </datafield>
  <datafield tag="100" ind1="1" ind2=" ">
    <subfield code="9">187056</subfield>
    <subfield code="a">Castro Cortes, Miguel Angel</subfield>
  </datafield>
  <datafield tag="245" ind1="1" ind2="0">
    <subfield code="a">Evaluaci&#xF3;n de la semilla de quinua (chenopodium quinoa Willd.) almacenada en diferentes temperaturas y empaques /</subfield>
    <subfield code="c">por Miguel Angel Castro Cortes; director de tesis Agust&#xED;n de Jes&#xFA;s L&#xF3;pez Herrera.</subfield>
  </datafield>
  <datafield tag="264" ind1=" " ind2="1">
    <subfield code="a">Chapingo, M&#xE9;xico :</subfield>
    <subfield code="b">El autor,</subfield>
    <subfield code="c">2019.</subfield>
  </datafield>
  <datafield tag="300" ind1=" " ind2=" ">
    <subfield code="a">1 recurso en l&#xED;nea (61 p&#xE1;ginas):</subfield>
    <subfield code="b">cuadros, figuras.</subfield>
  </datafield>
  <datafield tag="336" ind1=" " ind2=" ">
    <subfield code="2">rdacontent</subfield>
    <subfield code="a">texto</subfield>
    <subfield code="b">txt</subfield>
  </datafield>
  <datafield tag="337" ind1=" " ind2=" ">
    <subfield code="2">rdamedia</subfield>
    <subfield code="a">computadora</subfield>
    <subfield code="b">c</subfield>
  </datafield>
  <datafield tag="338" ind1=" " ind2=" ">
    <subfield code="2">rdacarrier</subfield>
    <subfield code="a">recurso en l&#xED;nea</subfield>
    <subfield code="b">cr</subfield>
  </datafield>
  <datafield tag="502" ind1=" " ind2=" ">
    <subfield code="b">IAEF</subfield>
    <subfield code="c">Fitotecnia</subfield>
    <subfield code="d">2019.</subfield>
  </datafield>
  <datafield tag="504" ind1=" " ind2=" ">
    <subfield code="a">Incluye referencias bibliogr&#xE1;ficas: p&#xE1;ginas 47-50.</subfield>
  </datafield>
  <datafield tag="520" ind1=" " ind2=" ">
    <subfield code="a">El cultivo de quinua se ha destacado en los &#xFA;ltimos a&#xF1;os por su importante contenido de prote&#xED;na y balance en amino&#xE1;cidos esenciales, pero presenta una dificultad para su conservaci&#xF3;n como semilla en periodos relativamente cortos, as&#xED; la f&#xE1;cil perdida de viabilidad es una situaci&#xF3;n que se requiere estudiar para los programas de mejoramiento gen&#xE9;tico, por lo que este estudio se enfoc&#xF3; en evaluar su almacenamiento en diferentes temperaturas con envases diferentes. El deterioro en semillas de Quinua, disminuir&#xE1; a menor temperatura de almacenamiento, y en bolsas de pl&#xE1;stico sellado al vac&#xED;o. Se evaluaron cuatro cultivares (Negra Tlachichuca, Blanca Tlachichuca, Ontifor y Blanca Canad&#xE1;) despu&#xE9;s de siete meses de almacenamiento en distintas temperaturas (22&#xB0;, 10&#xB0; y -15&#xB0;C) y empaques (pl&#xE1;stico sellado al vac&#xED;o y celof&#xE1;n sellado). Experimento uno, se compar&#xF3; porcentajes de germinaci&#xF3;n despu&#xE9;s de siete meses de almacenamiento; se analiz&#xF3; estad&#xED;sticamente con pruebas T de &#x201C;Student&#x201D; para muestras independientes, comparando dos fechas de evaluaci&#xF3;n. Segundo experimento, no se comparan valores de distintas fechas. Se evaluaron tres temperaturas, dos empaques y cuatro cultivares despu&#xE9;s de siete meses en almacenamiento en las variables porcentaje de pl&#xE1;ntulas normales, porcentaje de pl&#xE1;ntulas anormales, porcentaje de semillas duras, longitud de pl&#xFA;mula y rad&#xED;cula. Se observ&#xF3; que disminuye la germinaci&#xF3;n en todos los tratamientos. En 10&#xB0;C los cultivares Negra Tlachichuca y Blanca Tlachichuca responden mejor despu&#xE9;s de siete meses de almacenamiento, Blanca Canad&#xE1; se conserva mejor en -15&#xB0;C y Ontifor disminuye significativamente en todos los tratamientos. En general, el tipo de empaque muestra menos diferencias significativas que las temperaturas de almacenamiento sobre porcentaje de germinaci&#xF3;n, longitud de pl&#xFA;mula y rad&#xED;cula. Almacenadas en 10&#xB0; y -15&#xB0;C, las semillas de quinua conservan su germinaci&#xF3;n, mejor que en temperatura ambiente. Existen diferencias varietales en tipo de envase y en temperatura de almacenamiento.</subfield>
  </datafield>
  <datafield tag="650" ind1=" " ind2="4">
    <subfield code="9">187057</subfield>
    <subfield code="a">Chenopodium quinoa</subfield>
    <subfield code="x">Semillas</subfield>
    <subfield code="x">Preservaci&#xF3;n</subfield>
  </datafield>
  <datafield tag="650" ind1=" " ind2="4">
    <subfield code="9">112222</subfield>
    <subfield code="a">Temperatura</subfield>
    <subfield code="x">Efecto en semillas</subfield>
  </datafield>
  <datafield tag="650" ind1=" " ind2="4">
    <subfield code="9">163490</subfield>
    <subfield code="a">Semillas</subfield>
    <subfield code="x">Variedades  </subfield>
  </datafield>
  <datafield tag="650" ind1=" " ind2="4">
    <subfield code="9">103903</subfield>
    <subfield code="a">Semillas</subfield>
    <subfield code="x">Germinaci&#xF3;n</subfield>
  </datafield>
  <datafield tag="650" ind1=" " ind2="4">
    <subfield code="9">103881</subfield>
    <subfield code="a">Semillas</subfield>
    <subfield code="x">Calidad</subfield>
  </datafield>
  <datafield tag="700" ind1="0" ind2=" ">
    <subfield code="9">67981</subfield>
    <subfield code="a">L&#xF3;pez Herrera, Agust&#xED;n de Jes&#xFA;s</subfield>
    <subfield code="e">director.</subfield>
  </datafield>
  <datafield tag="856" ind1=" " ind2=" ">
    <subfield code="u">http://10.13.5.2/tesis/tl/Tesis-Castro_Cortes_Miguel_Angel-Fitotecnia-Noviembre_2019.pdf</subfield>
    <subfield code="z">DESCARGAR PDF</subfield>
  </datafield>
  <datafield tag="942" ind1=" " ind2=" ">
    <subfield code="2">Clasificaci&#xF3;n Universidad Aut&#xF3;noma Chapingo</subfield>
    <subfield code="c">TD</subfield>
  </datafield>
  <datafield tag="999" ind1=" " ind2=" ">
    <subfield code="c">218769</subfield>
    <subfield code="d">218769</subfield>
  </datafield>
  <datafield tag="952" ind1=" " ind2=" ">
    <subfield code="0">0</subfield>
    <subfield code="1">0</subfield>
    <subfield code="2">local</subfield>
    <subfield code="4">0</subfield>
    <subfield code="5">1</subfield>
    <subfield code="7">0</subfield>
    <subfield code="8">TesDigL</subfield>
    <subfield code="a">BD</subfield>
    <subfield code="b">BD</subfield>
    <subfield code="c">E_L</subfield>
    <subfield code="d">2023-05-17</subfield>
    <subfield code="l">0</subfield>
    <subfield code="o">Tesis digital</subfield>
    <subfield code="r">2023-05-17 00:00:00</subfield>
    <subfield code="w">2023-05-17</subfield>
    <subfield code="y">TD</subfield>
  </datafield>
</record>
